Statistiques concernant 150 musiques du rap français

Cliquez ici pour prendre le quiz!

Statistiques générales

  • Ce quiz a été pris 9 843 fois
    (9 678 depuis la dernière actualisation)
  • Le résultat moyen est 37 sur 150

Statistiques - réponses

HintRéponse% Correct
La vie qu'on mèneNinho
88%
AmnésieDamso
86%
J'oublie toutJul
85%
PitbullBooba
83%
La kiffanceNaps
83%
ZooKaaris
80%
Le monde ou rienPNL
79%
HumanoïdeNekfeu
75%
Freeze RaelFreeze Corleone
74%
Mme PavoshkoBlack M
73%
ÉmotifPLK
73%
GomorraSCH
73%
La bouletteDiam's
67%
Mon p'tit loupSofiane
67%
Suicide SocialOrelsan
66%
Train de vieKoba la D
65%
OchoaNiska
65%
L1 L2Zola
65%
L'enfoiréHeuss l'enfoiré
61%
Journal Perso IIVald
61%
Mode AvionKalash
57%
Laisse pas trainer ton filsNTM
55%
HabituéDosseh
52%
LifeHamza
52%
Meurtre par strangulationMaitre Gims
50%
Nés sous la même étoileIAM
48%
DésoléSexion d'assaut
48%
Las VegasJok'air
47%
Ich liebe dichShay
47%
GuerillaSoolking
46%
SombreKalash Criminel
45%
Carton RougeLorenzo
44%
MamaMaes
41%
Rien d'spécialNépal
39%
BaeRK
39%
Prison pour mineursHatik
35%
Finis lesAlonzo
34%
TestamentRohff
34%
Gravé dans la rocheSniper
33%
Tous les mêmesLa Fouine
32%
MajestéLomepal
32%
Moi j'ai pasSoprano
32%
CascadeAlpha Wann
31%
BanlieusardsKery James
31%
Voir le monde brûlerLaylow
31%
TristesseLeto
31%
Dur à aimerDinos
30%
Faites entrerLacrim
29%
Ma BelleMoha la Squale
29%
MaghrébinHornet la frappe
28%
Le sang appelle le sangSoso Maness
28%
MPCLuv Resval
27%
PortraitRim'K
27%
Sur la tête de ma mèreL'Algérino
26%
Keur NwarSDM
26%
JamaisGradur
25%
HéraGeorgio
23%
20 ansLefa
23%
MaladeRomeo Elvis
23%
La 13Timal
23%
OuloulouDabs
21%
Autre partDA Uzi
21%
Romance criminelleZkr
21%
J'veux pas grandirHugo TSR
20%
Olaskurt13 Block
19%
Fiers de nousNiro
19%
Dans 10 ansGuizmo
18%
J'voulaisMister You
18%
Ron Van CliefOsirus Jack
18%
Molotov 4Sefyu
18%
Da Vinci ClaudeMC Solaar
17%
Fusée ArianeS Pri Noir
17%
La suite1995
16%
Wesh enfoiréLesram
16%
À l'heure où je me coucheCasseurs Flowters
15%
Ultra ParisienJazzy Bazz
15%
Pas l'temps pour les regretsLunatic
15%
Code barbeMédine
15%
La chuteSadek
15%
OuaisDTF
14%
Pour la nuitGringe
14%
CagouléSiboy
14%
365 joursOxmo Puccino
13%
Du VécuS-Crew
13%
Le son des capuchesSeth Gueko
13%
J'encaisseSneazzy
13%
Le monde par ma fenêtreZamdane
13%
On dit quoi4Keus
12%
Deuxième chanceAkhenaton
12%
Banlieue SudAlkpote
12%
Au clair de la rueBenab
12%
SplashDisiz
12%
Espérance de vieYoussoupha
12%
Brazil 2Ashe 22
11%
ZénithDoum's
11%
À chaque jour suffit sa peineNessbeal
11%
Pour ceuxMafia K'1 Fry
10%
Les cités d'orPsy 4 de la rime
10%
Rue de bergèresSinik
10%
Art de rueFonky Family
9%
StressLino
9%
VincentZuukou Mayzie
9%
CDGBenash
8%
Suis-jeDeen Burbigo
8%
MétèqueJoey Starr
8%
9.3 tu peux pas testMac Tyer
8%
Hey ohTragédie
8%
Zidane en 2006Benjamin Epps
7%
L'homme qui ne valait pas dix centimesDoc Gyneco
7%
Il est fou ce mondeLe Rat Luciano
7%
TsunamiAli
6%
Aujourd'huiBigflo & Oli
6%
Chant des loupsGLK
6%
Soixante-quinzeL'Entourage
6%
État sauvageTunisiano
6%
Regarde le mondeArsenik
5%
Accusé de réflexion chapitre 1Davodka
5%
Ne me quittes pasRémy
5%
La même choseShurik'n
5%
Les mauxTandem
5%
Qui t'a ditBolemvn
4%
VictoriaKeny Arkana
4%
Vivre dans l'urgenceKool Shen
4%
Le maton me guettePassi
4%
Retour aux pyramidesX-Men
4%
La zezer2zer
3%
J'penseL'allemand
3%
PhantomAladin 135
2%
L'Odyssée suit son coursAssassin
2%
Accroché à mes rêvesBlacko
2%
Abidjan est douxFababy
2%
HardcoreIdeal J
2%
Gros plavonPanama Bende
2%
Les bidons veulent le guidonTime BOMB
2%
En paixZikxo
2%
Rageux404 Billy
1%
Chillance5 Majeur
1%
EdelweissFixpen Still
1%
L'ombre sur la mesureLa rumeur
1%
Hymne à la racailleLe 3ème oeil
1%
AltitudeNakk Mendosa
1%
Début de la finR.E.D.K
1%
Les jeunes de l'universRocca
1%
Tactique palestinienneRoi Heenok
1%
Amour et haineStill Fresh
1%
Expédition punitiveSwift Guad
1%
Qui nous sommesVincenzo
1%
All inEf Gee
0%
Dans mon barilletSat l'artificier
0%
Le jour de ma percéeTito Prince
0%

Distribution des résultats

Percentile par nombre de réponses

% des personnes avec chaque résultat

Votre développement - résultats

Vous n’avez pas pris ce quiz depuis la dernière actualisation